La Haute-Loire en images - Statistiques

Statistiques générales
  • Ce quiz a été pris 138 fois
  • Le résultat moyen est 9 sur 18
Statistiques - réponses
Par images Hint Réponse % Correct
Préfecture Le Puy-en-Velay
97%
Spécialité culinaire Lentilles vertes du Puy
90%
Personnalité Laurent Wauquiez
81%
Sous-Préfecture Yssingeaux
77%
Savoir-faire Dentelle
72%
Sous-Préfecture Brioude
68%
Attraction touristique/religieuse Pélérinage de Saint-Jacques-de-Compostelle
67%
Patrimoine culturelle Gorges de l’{Allier}
61%
Personnalité Gilbert du Motier de La Fayette
56%
Patrimoine naturelle Mont Mézenc
51%
Attraction touristique Passerelle himalayenne des gorges du Lignon
46%
Spécialité culinaire Fourme d’Yssingeaux
45%
Ville notable Monistrol-sur-Loire
40%
Monument historique Abbaye de {La Chaise-Dieu}
39%
Monument historique Château de {Rochebaron}
16%
Attraction touristique/religieuse Notre-Dame de France
14%
Monument historique Château de {Saint-Vidal}
11%
Légende Bête du Ramel
0%
Aucun quiz correspondant
Distribution des résultats
% des personnes avec chaque résultat
Percentile par nombre de réponses
Votre historique - résultats
Vous n’avez pas pris ce quiz